Coal, the energy source of the past and future /

Salvato in:
Dettagli Bibliografici
Autore principale: Schobert, Harold H., 1943-
Natura: Libro
Lingua:inglese
Pubblicazione: Washington, DC American Chemical Society 1987.
Soggetti:
Accesso online:Visualizza in OPAC
Tags: Aggiungi Tag
Nessun Tag, puoi essere il primo ad aggiungerne!!

MARC

LEADER 00000pam a2200000 a 4500
005 20260127134240.0
008 050512s1987 dcua b 001 0 eng
010 |a 87-011433 
020 |a 084121171X 
020 |a 0841211728 (pbk.) 
035 |a vtls008153578 
035 |a 4312802 
039 9 |y 200505121311  |z mschk03 
040 |a STUSCHK1  |b slo  |c STUSCHK1 
082 0 0 |a 662.6/2  |2 19 
100 1 |a Schobert, Harold H.,  |d 1943- 
245 1 0 |a Coal, the energy source of the past and future /  |c Harold H. Schobert. 
260 |a Washington, DC  |b American Chemical Society  |c 1987. 
300 |a xiii, 298 p.  |b ill.  |c 24 cm. 
500 |a Includes index. 
504 |a Bibliography: p. [277]-282. 
650 0 |a Coal. 
906 |a 7  |b cbc  |c orignew  |d 1  |e ocip  |f 19  |g y-gencatlg 
910 |a SCHK95 
919 |a 0-8412-1172-8 
991 |b c-GenColl  |h TP325  |i .S34 1987  |p 00010397248  |t Copy 1  |w BOOKS 
991 |b r-SciRR  |h TP325  |i .S34 1987 Copy 3  |t Copy 3  |w GenBib bi 90-001566 
999 |c 7825  |d 7825